Jugar a la vida /

Guardat en:
Dades bibliogràfiques
Autor principal: Pascual, Moisés
Format: Desconegut
Idioma:Spanish
Publicat: Panamá : Editorial Mariano Arosemena, 1991.
Col·lecció:(Colección Letrabierta ; 7)
Matèries:
Etiquetes: Afegir etiqueta
Sense etiquetes, Sigues el primer a etiquetar aquest registre!

MARC

LEADER 000000000a22000000004500
001 001642
041 0 |a spa 
082 0 4 |a P861.44   |b P279j 
100 1 |a Pascual, Moisés 
245 1 0 |a Jugar a la vida /   |c Moisés Pascual. 
260 1 |a Panamá :   |b Editorial Mariano Arosemena,   |c 1991. 
300 |a 43 páginas 
490 1 |a (Colección Letrabierta ;   |v 7) 
650 4 |a LITERATURA PANAMEÑA 
650 4 |a POESIA 
999 |c 8341  |d 8341 
942 |c BK  |h P861.44 P279j  |2 z